| 000 | nam a22 7a 4500 | ||
|---|---|---|---|
| 999 |
_c17396 _d17396 |
||
| 008 | 161125b xxu||||| |||| 00| 0 eng d | ||
| 020 | _a9781285032772 | ||
| 050 | _aQH 308.2 .S65 2011 | ||
| 100 |
_aSolomon Eldra P. _d2011 |
||
| 245 |
_aBiology _cEldra P. Solomon, Linda R. Berg, Diana W. Martin. |
||
| 250 | _a2nd ed | ||
| 260 |
_aAustralia _bCengage Learning _c2011 |
||
| 300 |
_a1263p; _bincludes bibliographical references and indexes |
||
| 650 | _2Biology | ||
| 942 |
_2lcc _cBOOKS _hQH 308.2 .S65 2011 _k28167 |
||